Statistics for NBA team Captains

Click here to take the quiz!

General Stats

  • This quiz has been taken 476 times
    (458 since last reset)
  • The average score is 11 of 30

Answer Stats

HintAnswer% Correct
Miami HeatLebron James, Dwyane Wade, and Udonis Haslem
88%
Golden State WarriorsStephen Curry and David Lee
71%
Los Angeles ClippersBlake Griffin and Chris Paul
67%
Oklahoma City ThunderKevin Durant and Russel Westbrook
66%
Cleveland CavilersNew Head Coach no team captain
61%
Chicago BullsCarlos Boozer, Luol Deng, Jakim Noah, Kirk Hinrich, Derrick Rose
59%
Washington WizardsJohn Wall
56%
New York KnicksCarmelo Anthony and Amar'e Stoudemire
55%
Boston CelticsPaul Pierce
55%
San Antonio SpursTim Duncan
53%
Orlando MagicGlen Davis and Jameer Nelson
48%
Toronto RaptorsDeMar DeRozan and Rudy Gay
47%
Los Angeles LakersKobe Bryant and Pau Gasol
40%
Minnesota TimberwolvesKevin Love
37%
Sacramento KingsDeMarcus Cousins and Marcus Thorton
35%
Dallas MavericksDirk Nowitzki
34%
Portland Trail BlazersLaMarcus Aldridge
33%
Brooklyn NetsDeron Williams
32%
Memphis GrizzliesZach Randolph
29%
Atlanta HawksJosh Smith
24%
Philadelphia 76ersJrue Holiday and Nick Young
19%
Utah JazzAl Jefferson, Paul Millsap, Mo Williams
17%
Indiana PacersDanny Granger
17%
New Orleans PelicansAnthony Davis and Eric Gordon
14%
Milwaukee BucksBrandon Jennings
13%
Houston RocketsJeremy Lin and James Harden and Chandler Parson
12%
Denver NuggetsKenneth Faried, Danilo Gallinari, Andre Iguodola
12%
Charlotte BobcatsGerald Henderson and No Head Coach
5%
Phoniex SunsJared Dudley and Jermaine O'neal
2%
Detriot PistonsNo Head Coach no team captain
1%

Score Distribution

Percentile by Number Answered

Percent of People with Each Score

Your Score History

You have not taken this quiz since the last reset